Sports at Olympic Games Tokyo 2020 - Statistics

General Stats
  • This quiz has been taken 156 times
  • The average score is 22 of 36
Answer Stats
Sport % Correct
Swimming
93%
Football
89%
Tennis
81%
Basketball
80%
Archery
78%
Athletics
74%
Table Tennis
74%
Volleyball
72%
Gymnastics
69%
Cycling
68%
Baseball
67%
Judo
67%
Diving
66%
Shooting
66%
Handball
63%
Boxing
62%
Wrestling
62%
Fencing
60%
Weightlifting
60%
Badminton
59%
Karate
59%
Rowing
57%
Taekwondo
55%
Canoeing
54%
Rugby sevens
54%
Sailing
54%
Water Polo
54%
Golf
53%
Skateboarding
51%
Equestrian
50%
Triathlon
48%
Surfing
46%
Softball
43%
Field Hockey
39%
Sport Climbing
38%
Modern pentathlon
37%
No matching quizzes found
Score Distribution
Percent of People with Each Score
Percentile by Number Answered
Your Score History
You have not taken this quiz